000 00961nam a2200241Ia 4500
001 16071
003 GE_BSU
008 181216s||||||||xx |||||||||||||| ||und||
040 _cGE_BSU
080 _a821.353.1-1
100 _aჯაყელი, ჯ.
245 _aჩანჩქერები
245 _bლექსები
245 _cრედ.ც.წუწუნავა.მხ.რ.ჩხიკვიშვილი
260 _aბათუმი
260 _b[აჭარის] სახელგამი
260 _c1962
300 _a94გვ. ; 16სმ.
653 _aლექსები
653 _aმზეო, ვარ შენით მთვრალი და სავსე; კავკასიონის ჰორიზონტები; გაზაფხულებავ, აყვავებავ ბზისა და ნუშის
653 _aჩანჩქერები
942 _cBK
999 _c49160
_d49160